000 01386nam a2200229Ii 4500
003 JO-AjNU
005 20240623125942.0
008 230605s9999||||xx |||||||||||||| ||und||
040 _aJO-AjNU
_bara
_erda
_cJO-AjNU
041 _aara
050 1 4 _aBP144 2016
100 3 _aاعداد المعايطة، راتب حسام ذياب ؛ اشراف احمد مصطفى القضاة,
_eauthor
_957845
245 0 0 _aكتاب الواقعات من اول كتاب الشفعة الى آخر الكتاب المخطوط للامام حسام الدين عمر بن عبد العزيز بن عمر بن مازه البخاري المعروف بالصدر الشهيد المتوفى(536ه) دراسة وتحقيق=The book (Alwakiaat) from the beginning of Alshofaah book to the end of the written book for Al- Imam Husam Eddin Omar Bin Abdul-Aziz who is known as Alsadr Alshaheed and who died in (536H)
260 _c2016
300 _a439 ورقة
336 _atext
_btxt
_2rdacontent
337 _aunmediated
_bn
_2rdamedia
338 _avolume
_bnc
_2rdacarrier
500 _aرسالة جامعية (دكتوراة في تخصص الفقه واصوله)--جامعة العلوم الاسلامية العالمية، كلية الدراسات العليا، عمان)، 2016، يشتمل على ببلوغرافيا
650 4 _aالفقة الاسلامي
_957846
942 _2lcc
_cTHS
999 _c29514
_d29514